000 01220cam a2200349 a 4500
999 _c960
_d960
001 (Sirsi) a947908
003 OSt
005 20200107112501.0
008 070503s2007 nyu c 000 1 eng d
020 _a9780312367541
_q(pbk.) :
020 _a0312367546
_q(pbk.)
040 _aNjBwBT
_cNjBwBT
_dFCU
_dTAE
041 0 _aeng
042 _anbic
082 _aFIC LEN
100 1 _aL'Engle, Madeleine.
_eauthor
245 1 2 _aA wrinkle in time /
_cMadeleine L'Engle.
250 _a1st Square Fish ed.
260 _aNew York :
_bSquare Fish,
_cc2007.
300 _a245 p. :
_c20 cm.
440 _aThe time quintet ;
_nBook 1.
500 _aIncludes an Appreciation by Anna Quindlen.
500 _a"Winner of the 1963 Newbery Medal"--p. 4 of cover.
520 _aMeg Murry and her friends become involved with unearthly strangers and a search for Meg's father, who has disappeared while engaged in secret work for the government.
521 1 _aAges 10-14.
586 _aNewbery Medal, 1963.
650 0 _aScience fiction
_vJuvenile fiction.
650 0 _aSpace and time
_vJuvenile fiction.
650 0 _aGifted children
_vJuvenile fiction.
650 0 _aBrothers and sisters
_vFiction.
942 _2ddc
_cFIC